000 00895nam a2200253 i 4500
001 bg
245 0 0 _aProfesjonalizm w administracji publicznej /
_cpod red. Anetty Dębickiej, Mariusza Dmochowskiego, Barbary Kudryckiej.
260 _aBiałystok :
_bStowarzyszenie Edukacji Administracji Publicznej,
_c2004.
300 _a439 S. ;
_c24 CM.
500 _aWybrane referaty wygłoszone podczas IV Dorocznej Konferencji Stowarzyszenia Edukacji Administracji Publicznej w Białymstoku.
504 _aBibliogr. przy ref.
650 9 _aAdministracja
655 _aMateriały konferencyjne
700 1 _aDĘBICKA, Anetta.
_eRed.
700 1 _aDMOCHOWSKI, Mariusz.
_eRed.
700 1 _aKUDRYCKA, Barbara.
_eRed.
020 _a8388463292
040 _cBPK
041 0 _apol
080 _a351/354(061)
920 _a83-88463-29-2
942 _cKS
008 s pl f |000 0 pol
999 _c43868
_d43868
856 _uhttp://koha.tu.koszalin.pl/cgi-bin/koha/opac-detail.pl?biblionumber=43868
_yKatalog online BPK